Silabario de la Teología

Gespeichert in:
Bibliographische Detailangaben
1. Verfasser: Olgiati, Francisco (autor)
Format: Buch
Sprache:Spanisch
Veröffentlicht: Buenos Aires Difusión 1954
Schriftenreihe:Instrucción Religiosa, 53
Schlagworte:
Tags: Tag hinzufügen
Keine Tags, Fügen Sie den ersten Tag hinzu!

MARC

LEADER 00000nam a2200000 a 4500
001 UCH2440
003 CL-VaPUC
008 090611e19540427AG |||||||||||||||||spa|d
082 0 4 |a 241  |b OLG  |2 21 
100 |a Olgiati, Francisco  |e autor  |9 579106 
245 1 0 |a Silabario de la Teología 
300 |a 401 p 
942 |c BK 
945 |d 20090611 00:00:00  |a dcastane 
260 |a Buenos Aires  |b Difusión  |c 1954 
650 0 |a Teología   |9 258766 
650 0 |a Conceptos morales   |9 310606 
650 0 |a Comportamiento moral  |9 334569 
650 0 |a Creencia Religiosa  |9 316904 
650 0 |a Moral  |9 265913 
650 0 |a Fe  |9 308036 
583 |a last modification  |c 20090611 00:00:00  |k Rodrigo Vera 
490 0 |a Instrucción Religiosa, 53 
999 |c 334180  |d 334178 
952 |0 0  |1 0  |4 0  |6 241_000000000000000_OLG_1954  |7 0  |8 X  |9 423016  |a FDOBUD  |b FDOBUD  |d 2019-11-22  |i 4555724  |o 241 OLG 1954  |p 4555724  |r 2019-11-22  |w 2019-11-22  |y BK_X  |k BUD